Statistics for All Robin Thicke Songs

Click here to take the quiz!

General Stats

  • This quiz has been taken 7 times
    (4 since last reset)
  • The average score is 45 of 131

Answer Stats

AlbumSong% Correct
A Beautiful WorldA Beautiful World
100%
Blurred LinesBlurred Lines
67%
Love After WarLove After War
67%
Sex TherapySex Therapy
67%
Something ElseSomething Else
67%
Sex Therapy2 Luv Birds
33%
The Evolution of Robin Thicke2 the Sky
33%
Blurred Lines4 the Rest of My Life
33%
Sex Therapy911
33%
Blurred LinesAin't No Hat 4 That
33%
The Evolution of Robin ThickeAll Night Long
33%
Love After WarAll Tied Up
33%
Love After WarAn Angel on Each Arm
33%
The Evolution of Robin ThickeAngels
33%
The Evolution of Robin ThickeAsk Myself
33%
Single #3Back Together
33%
On Earth, and in HeavenBeautiful
33%
PaulaBlack Tar Cloud
33%
Love After WarBoring
33%
A Beautiful WorldBrand New Jones
33%
Sex TherapyBrand New Luv
33%
Single #8Brown Liquor
33%
The Evolution of Robin ThickeCan U Believe
33%
Love After WarCloud 9
33%
The Evolution of Robin ThickeCocaine
33%
Love After WarCompass or Map
33%
The Evolution of Robin ThickeComplicated
33%
Something ElseCry No More
33%
Love After WarDangerous
33%
Single #4Deep
33%
Sex TherapyDiamonds
33%
Something ElseDreamworld
33%
Something ElseEbb and Flow
33%
Sex TherapyElevatas
33%
Something ElseEverybody's a Star
33%
The Evolution of Robin ThickeEverything I Can't Have
33%
SingleExhale (Shoop Shoop)
33%
Blurred LinesFeel Good
33%
A Beautiful WorldFlex
33%
A Beautiful WorldFlowers in Bloom
33%
PaulaForever Love
33%
On Earth, and in HeavenForever Mine
33%
Love After WarFull Time Believer
33%
PaulaGet Her Back
33%
Blurred LinesGet in My Way
33%
Blurred LinesGive It 2 U
33%
On Earth, and in HeavenGorgeous
33%
Blurred LinesGo Stupid 4 U
33%
The Evolution of Robin ThickeGot 2 Be Down
33%
Something ElseHard on My Love
33%
On Earth, and in HeavenHola
33%
Love After WarI Don't Know How It Feels to Be U
33%
Sex TherapyI Got U
33%
A Beautiful WorldI'm a Be Alright
33%
Love After WarI'm an Animal
33%
Something ElseI'm Coming Home
33%
The Evolution of Robin ThickeI Need Love
33%
Sex TherapyIt's in the Mornin'
33%
Sex TherapyJus Right
33%
A Beautiful WorldLazy Bones
33%
PaulaLiving in New York City
33%
PaulaLock the Door
33%
On Earth, and in HeavenLola Mia
33%
The Evolution of Robin ThickeLonely World
33%
The Evolution of Robin ThickeLook at Me
33%
On Earth, and in HeavenLook Easy
33%
The Evolution of Robin ThickeLost Without U
33%
PaulaLove Can Grow Back
33%
Love After WarLovely Lady
33%
Something ElseLoverman
33%
On Earth, and in HeavenLucky Star
33%
Something ElseMagic
33%
A Beautiful WorldMake a Baby
33%
Sex TherapyMake U Love Me
33%
Sex TherapyMeiplé
33%
Sex TherapyMillion Dolla Baby
33%
Love After WarMission
33%
Sex TherapyMona Lisa
33%
Single #2Morning Sun
33%
Sex TherapyMrs. Sexy
33%
Something ElseMs. Harmony
33%
Love After WarNever Give Up
33%
A Beautiful WorldOh Shooter
33%
Single #5One Shot
33%
Blurred LinesOoo La La
33%
On Earth, and in HeavenOut of My Mind
33%
Blurred LinesPressure
33%
Love After WarPretty Lil' Heart
33%
Blurred LinesPut Your Lovin on Me
33%
Sex TherapyRollacoasta
33%
Something ElseShadow of Doubt
33%
Sex TherapyShakin' It 4 Daddy
33%
A Beautiful WorldShe's Gangsta
33%
The Evolution of Robin ThickeShooter
33%
Something ElseSidestep
33%
PaulaSomething Bad
33%
Sex TherapyStart with a Kiss
33%
PaulaStill Madly Crazy
33%
Love After WarStupid Things
33%
A Beautiful WorldSuga Mama
33%
The Evolution of Robin ThickeSuperman
33%
Blurred LinesTake It Easy on Me
33%
On Earth, and in HeavenTake Me Higher
33%
The Evolution of Robin ThickeTeach U a Lesson
33%
Love After WarTears on My Tuxedo
33%
Single #6Testify
33%
On Earth, and in HeavenThat's What Love Can Do
33%
Blurred LinesThe Good Life
33%
Love After WarThe Lil' Things
33%
Love After WarThe New Generation
33%
PaulaThe Opposite of Me
33%
A Beautiful WorldThe Stupid Things
33%
Something ElseThe Sweetest Love
33%
On Earth, and in HeavenThe Things You Do to Me
33%
Something ElseTie My Hands
33%
PaulaTime of Your Life
33%
PaulaTippy Toes
33%
PaulaToo Little Too Late
33%
Blurred LinesTop of the World
33%
The Evolution of Robin ThickeU Center Me
33%
A Beautiful WorldVengas Conmigo
33%
The Evolution of Robin ThickeWanna Love U Girl
33%
Love After WarWe a Family
33%
PaulaWhatever I Want
33%
Love After WarWhat Would I Be?
33%
A Beautiful WorldWhen I Get You Alone
33%
Single #7When You Love Somebody
33%
The Evolution of Robin ThickeWould That Make U Love Me
33%
Something ElseYou're My Baby
33%
PaulaYou're My Fantasy
33%
A Beautiful WorldCrazy Blue Skies
0%

Score Distribution

Percentile by Number Answered

Percent of People with Each Score

Your Score History

You have not taken this quiz since the last reset